Countries who Visited the United States the most in 2015 - Statistics

General Stats
  • This quiz has been taken 50 times
    49 since last reset
  • The average score is 15 of 18
Answer Stats
Visiters Country % Correct
19,175,345 Mexico
98%
11,671,122 Canada
96%
2,309,654 China
96%
1,915,725 France
96%
953,969 Spain
96%
1,229,115 Italy
93%
3,750,667 Japan
93%
4,691,874 United Kingdom
93%
2,383,822 Brazil
91%
2,208,145 Germany
91%
1,175,153 India
87%
1,399,615 Australia
82%
749,826 Netherlands
82%
1,742,422 South Korea
82%
765,576 Argentina
78%
682,178 Sweden
69%
928,424 Colombia
67%
745,097 Venezuela
58%
No matching quizzes found
Score Distribution
Percent of People with Each Score
Percentile by Number Answered
Your Score History
You have not taken this quiz since the last reset